LEADER 01660nam a2200337 u 4500 001 000000013414 003 CaOOAMICUS 005 20070226105641.0 008 940517s1965 fr u000 u fre u 035 $a10320998 040 $aPUL$bita 041 1 $afre$hger 100 1 $aKüng, Hans,$d1928-$0(OLS)http://pul/name/4001 240 00$aRechtfertigung.$lFrancese.$0(OLS)http://pul/title/19373 245 13$aLa justification :$bla doctrine de Karl Barth : réflexion catholique /$cHans Küng ; lettre-préface de Karl Barth ; traduit de l'allemand par H. Rochais et Dom J. Évrard. 260 $aParis :$bDesclée de Brouwer,$cc1965. 300 $a439 p. ;$c20 cm 490 1 $aTextes et études théologiques 504 $aBibliografia: p. 405-416. 600 14$aBarth, Karl,$d1886-1968.$0(OLS)http://pul/subject/5620 650 4$aGiustificazione per fede.$0(OLS)http://pul/subject/5011 700 1 $aEvrard, Jacques.$0(OLS)http://pul/name/12636 700 1 $aRochais, Henri M.,$cO.S.B.,$d1920-$0(OLS)http://pul/name/3141 700 1 $aBarth, Karl,$d1886-1968.$0(OLS)http://pul/name/5629 830 0$aTextes et études théologiques.$0(OLS)http://pul/title/10176 850 $aPUL 852 $aPUL$W1$xDP1 Fondo Pastorale$y55$mP1 C 13$j18914$nBK-PRI$b $qFondi$B18914$CPULBib$Z2$F18914 $81 852 $aPUL$W1$xDP1 Fondo Bordoni$y120$m3 J 63$j173732$qFondi$B176156$CPULBib$Z2$F176156 $HBor1402 $81 941 1 $a1 996 $6245$aLa justification :$bla doctrine de Karl Barth : réflexion catholique$9(OLS)http://pul/title/19374 996 $6260$aParis :$bDesclée de Brouwer$9(OLS)http://pul/publisher/49456 LEADER 01332nam a2200301 a 4500 001 000000176933 003 CaOOAMICUS 005 20240614145018.0 008 240614s2013 xxu u000 u eng r 020 $z0-631-22919-3* 040 $aPUL$bita 082 1 $a004.01 245 04$aThe Blackwell guide to the philosophy of computing and information /$cedited by Luciano Floridi . 250 $a1. edizione. 260 $aOxford ;$aMalden :$bBlackwell,$c2004. 300 $axiv, 371 p. ;$c24 cm 490 1 $aBlackwell philosophy guides 504 $aInclude indice e riferimenti bibliografici. 650 4$aTecnologia (filosofia).$0(OLS)http://pul/subject/24041 700 1 $aFloridi, Luciano,$d1964-$0(OLS)http://pul/name/75158 830 0$aBlackwell philosophy guides.$0(OLS)http://pul/title/105003 850 $aPUL 852 $aPUL$W1$xSL Cons. Gen., Altre Classi 3$y75$m004. 01 FLOLU 1$j200933$qDDC 21$B205890$CPULBib$Z2$F205890 $H137102 $81 996 $6020$z0-631-22919-3*$9(OLS)http://pul/number/169798 996 $6082$a004.01$9(OLS)http://pul/classification/3505 996 $6245$aThe Blackwell guide to the philosophy of computing and information$9(OLS)http://pul/title/218434 996 $6260$aOxford ;$aMalden :$bBlackwell$9(OLS)http://pul/publisher/75797